La mirada herida / (Record no. 183047)

MARC details
000 -LEADER
campo de control de longitud fija 00736nam a2200229 i 4500
001 - NÚMERO DE CONTROL
campo de control 183047
003 - IDENTIFICADOR DE NÚMERO DE CONTROL
campo de control ES-MaACL
005 - FECHA Y HORA DE LA ÚLTIMA TRANSACCIÓN
campo de control 20240129115326.0
008 - DATOS DE LONGITUD FIJA--INFORMACIÓN GENERAL
campo de control de longitud fija 140114s2011 sp | |||||||| | spa d
020 ## - NÚMERO INTERNACIONAL ESTÁNDAR DEL LIBRO
Número Internacional Estándar del Libro 978-84-95919-73-1
080 ## - NÚMERO DE LA CLASIFICACIÓN DECIMAL UNIVERSAL
Número de la Clasificación Decimal Universal 821.134.2-31"19"
100 1# - ENTRADA PRINCIPAL--NOMBRE DE PERSONA
Nombre de persona Viloria, José Luis.
9 (RLIN) 147700
245 13 - MENCIÓN DEL TÍTULO
Título La mirada herida /
Mención de responsabilidad, etc. José Luis Viloria.
250 ## - MENCION DE EDICION
Mención de edición 1ª ed.
260 ## - PUBLICACIÓN, DISTRIBUCIÓN, ETC.
Lugar de publicación, distribución, etc. San Lorenzo de El Escorial, Madrid :
Nombre del editor, distribuidor, etc. Creación,
Fecha de publicación, distribución, etc. 2011.
300 ## - DESCRIPCIÓN FÍSICA
Extensión 234 p. ;
Dimensiones 21 cm.
852 ## - LOCALIZACIÓN
Ubicación ES-MaACL
Número de control de estantería A-13009
itemnumber 189980
Sublocalización o colección R.149818
Ubicación en estantería Depósito 1
Signatura antigua Olim: N-6009
Donativo/Legado Donación: José Luis Viloria
903 ## - NOMBRE PERSONAL DE DONANTE
9 147700
a Viloria, José Luis
e Donante
942 ## - ELEMENTOS DE ENTRADA SECUNDARIOS (KOHA)
Fuente del sistema de clasificación o colocación Clasificación decimal universal
Tipo de ítem Koha Libro impreso
Holdings
Estatus retirado Estado de pérdida Fuente del sistema de clasificación o colocación Estado de daño No para préstamo Biblioteca de origen Biblioteca actual Ubicación en estantería Fecha de adquisición Fuente de adquisición Total de préstamos Signatura topográfica completa Código de barras Visto por última vez Precio de reemplazo Tipo de ítem Koha
    Clasificación decimal universal     Biblioteca del Ateneo de Madrid Biblioteca del Ateneo de Madrid Depósito 1 14/01/2014 Donación   A-13009 1192386 23/02/2023 23/02/2023 Libro impreso